<?xml version="1.0" encoding="UTF-8"?>
<collection xmlns="http://www.loc.gov/MARC21/slim">
 <record>
  <leader>01329nam a22002655a 4500</leader>
  <controlfield tag="001">CEM.cems020863</controlfield>
  <controlfield tag="008">240304s2004####ag############000#0#und#d</controlfield>
  <controlfield tag="005">20240306164324.0</controlfield>
  <datafield tag="245" ind1="1" ind2="0">
   <subfield code="a">Mi nombre es Stilton, Geronimo Stilton /</subfield>
   <subfield code="c">Geronimo Stilton ; ilustrado por Larry Keys ; traducido por Manuel Manzano.</subfield>
  </datafield>
  <datafield tag="250" ind1=" " ind2=" ">
   <subfield code="a">2a ed.</subfield>
  </datafield>
  <datafield tag="260" ind1=" " ind2=" ">
   <subfield code="a">Buenos Aires :</subfield>
   <subfield code="b">Destino,</subfield>
   <subfield code="c">2004.</subfield>
  </datafield>
  <datafield tag="300" ind1=" " ind2=" ">
   <subfield code="a">128 p.</subfield>
  </datafield>
  <datafield tag="490" ind1="1" ind2=" ">
   <subfield code="a">Geronimo Stilton ;</subfield>
   <subfield code="v">1</subfield>
  </datafield>
  <datafield tag="500" ind1=" " ind2=" ">
   <subfield code="a">Geronimo Stilton es el nombre del escritor ficticio con el que firma la escritora italiana Elisabetta Dami.</subfield>
  </datafield>
  <datafield tag="520" ind1=" " ind2=" ">
   <subfield code="a">Desde que he encontrado a mi nueva ayudante, Pinky Pick, me ha ocurrido de todo: me han obligado a pasar la Nochebuena en el Polo Norte, he recorrido kilómetros a la deriva sobre un iceberg sin siquiera un mísero quesito para hincarle el diente y he bailado salsa durante horas y horas...</subfield>
  </datafield>
  <datafield tag="500" ind1=" " ind2=" ">
   <subfield code="a">Título original: Il mio nome e Stilton, Geronimo Stilton.</subfield>
  </datafield>
  <datafield tag="020" ind1=" " ind2=" ">
   <subfield code="a">9507320490</subfield>
  </datafield>
  <datafield tag="100" ind1="1" ind2=" ">
   <subfield code="a">Stilton, Geronimo</subfield>
   <subfield code="j">Dami, Elisabetta.</subfield>
  </datafield>
  <datafield tag="700" ind1="1" ind2=" ">
   <subfield code="a">Keys, Larry; il.</subfield>
  </datafield>
  <datafield tag="700" ind1="1" ind2=" ">
   <subfield code="a">Manzano, Manuel; trad.</subfield>
  </datafield>
  <datafield tag="653" ind1=" " ind2=" ">
   <subfield code="a">Literatura infantil</subfield>
  </datafield>
  <datafield tag="653" ind1=" " ind2=" ">
   <subfield code="a">Novela infantil</subfield>
  </datafield>
  <datafield tag="653" ind1=" " ind2=" ">
   <subfield code="a">Literatura italiana</subfield>
  </datafield>
  <datafield tag="859" ind1=" " ind2=" ">
   <subfield code="a">CEMS</subfield>
   <subfield code="b">BIB. CEMS - Inicial y Primaria</subfield>
   <subfield code="h">853.9</subfield>
   <subfield code="i">St548</subfield>
   <subfield code="k">IP</subfield>
   <subfield code="p">2988</subfield>
   <subfield code="t">Ej.1</subfield>
  </datafield>
  <datafield tag="859" ind1=" " ind2=" ">
   <subfield code="a">CEMS</subfield>
   <subfield code="b">BIB. CEMS - Inicial y Primaria</subfield>
   <subfield code="h">853.9</subfield>
   <subfield code="i">St548</subfield>
   <subfield code="k">IP</subfield>
   <subfield code="p">6159</subfield>
   <subfield code="t">Ej.2</subfield>
  </datafield>
 </record>
</collection>
